| 000 | 00700nam a2200217Ia 4500 | ||
|---|---|---|---|
| 005 | 20220316093230.0 | ||
| 008 | 210716s2003 xx 000 0 und d | ||
| 020 | _a9780070220881 | ||
| 040 | _cAIMIT LIBRARY | ||
| 041 | _aeng | ||
| 082 |
_a658 _24 _bTRIP |
||
| 100 |
_aTripathi, P C. _923806 |
||
| 245 |
_aPrinciples of management / _cBy P C Tripathi and P N Reddy |
||
| 250 | _a4th ed. | ||
| 260 |
_aNew Delhi : _bTata McGraw Hill Publishing Company Ltd , _c2008 . |
||
| 300 |
_axvi, 413p. ; _c24 cm. |
||
| 650 |
_aDevelopment of Management Thought. _923807 |
||
| 650 |
_aAuthority Delegation and Decentralisation. _923808 |
||
| 700 |
_aReddy, P N. _923809 |
||
| 942 |
_2ddc _cBK _e4th _k658 TRIP |
||
| 999 |
_c202602 _d202602 |
||